Aspectos relevantes para la liquidación 2021 de ganancias y bienes personales (Registro nro. 6208)

Detalles MARC
000 -LEADER
fixed length control field 01397 a2200301 4500
001 - CONTROL NUMBER
control field 57609
005 - DATE AND TIME OF LATEST TRANSACTION
control field 20260407155836.0
008 - FIXED-LENGTH DATA ELEMENTS--GENERAL INFORMATION
fixed length control field 260407a2022 arg spa d
003 - CONTROL NUMBER IDENTIFIER
control field AR-UNSa-BCEJYS
040 ## - CATALOGING SOURCE
Original cataloging agency AR-UNSa-BCEJYS
Language of cataloging spa
Transcribing agency AR-UNSa-BCEJYS
080 ## - UNIVERSAL DECIMAL CLASSIFICATION NUMBER
Universal Decimal Classification number 336.226.1
Common auxiliary subdivision Impuestos a las ganancias o los beneficios (Impuesto Diferido)
020 ## - INTERNATIONAL STANDARD BOOK NUMBER
International Standard Book Number 978-987-01-2889-2
041 ## - LANGUAGE CODE
Language code of text/sound track or separate title spa
100 1# - MAIN ENTRY--PERSONAL NAME
Personal name Campastro, Miriam Cristina
245 10 - TITLE STATEMENT
Title Aspectos relevantes para la liquidación 2021 de ganancias y bienes personales
264 #1 - PRODUCTION, PUBLICATION, DISTRIBUTION, MANUFACTURE, AND COPYRIGHT NOTICE
Place of production, publication, distribution, manufacture Buenos Aires :
Name of producer, publisher, distributor, manufacturer Errepar
Date of production, publication, distribution, manufacture, or copyright notice 2022
300 ## - PHYSICAL DESCRIPTION
Extent xv, 218 p.
Dimensions 21 cm.
505 ## - FORMATTED CONTENTS NOTE
Formatted contents note 1. Análisis teórico y técnico del impuesto sobre los bienes personales 2121 – 2. Impuesto a las ganancias sobre la renta financiera de las personas humanas – 3. El ajuste por inflación en el impuesto a las ganancias – 4. Remuneraciones de directores y administradores frente al impuesto a las ganancias – 5. La justificación de las variaciones patrimoniales: ¿Por qué es importante?
590 ## - LOCAL NOTE (RLIN)
Local note niveau_biblio:m niveau_hierar:0
700 1# - ADDED ENTRY--PERSONAL NAME
Personal name Diez, Humberto P.
700 1# - ADDED ENTRY--PERSONAL NAME
Personal name Gebhardt, Jorge
700 1# - ADDED ENTRY--PERSONAL NAME
Personal name Malvitano, Rubén H.
700 1# - ADDED ENTRY--PERSONAL NAME
Personal name Mazzaroni, Diego H.
700 1# - ADDED ENTRY--PERSONAL NAME
Personal name Rodríguez, Marcelo D.
700 1# - ADDED ENTRY--PERSONAL NAME
Personal name Ruetti, Germán J.
856 41 - ELECTRONIC LOCATION AND ACCESS
Uniform Resource Identifier <a href="https://biblioeco.unsa.edu.ar/pmb/images/libros/L128784.jpg">https://biblioeco.unsa.edu.ar/pmb/images/libros/L128784.jpg</a>
Link text Imagen de portada
Electronic format type image/jpeg
942 ## - ADDED ENTRY ELEMENTS (KOHA)
Koha item type
Existencias
Withdrawn status Lost status Damaged status Not for loan Home library Current library Shelving location Date acquired Total checkouts Full call number Barcode Date last seen Price effective from Koha item type
        Biblioteca Prof. Eusebio Cleto del Rey Biblioteca Prof. Eusebio Cleto del Rey   07/04/2026   336.226.1 A838/2021 L128784 07/04/2026 07/04/2026 Libro